[Event "Moscow Open 2009 A"]
[Site ""]
[Date "2009.01.31"]
[Round "1.2"]
[White "Tiviakov, Sergei"]
[Black "Vuckovic, Bojan"]
[Result "1/2-1/2"]
[WhiteElo "2685"]
[BlackElo "2576"]
[Annotator ""]
[Source ""]
[Remark ""]

1.e4 c6 2.d4 d5 3.Nd2 dxe4 4.Nxe4 Bf5 5.Ng3 Bg6 6.Bc4 e6 7.N1e2
Nf6 8.Nf4 Bd6 9.Bb3 a5 10.a3 a4 11.Ba2 Qc7 12.Nxg6 hxg6 13.Qf3
Qb6 14.c3 Nbd7 15.O-O O-O 16.Re1 Rae8 17.Ne4 Nxe4 18.Rxe4 Nf6
19.Rh4 Be7 20.Qh3 Nh5 21.Re4 Nf6 22.Re2 Qb5 23.Re5 Qb6 24.Rb1
Bd6 25.Re1 Qa5 26.Re3 Qf5 27.Qxf5 gxf5 28.f3 Nd5 29.Re2 b5 30.g3
Rb8 1/2-1/2

[Event "Moscow Open 2009 A"]
[Site ""]
[Date "2009.01.31"]
[Round "1.5"]
[White "Zubov, Alexander"]
[Black "Timofeev, Artyom"]
[Result "1/2-1/2"]
[WhiteElo "2574"]
[BlackElo "2671"]
[Annotator ""]
[Source ""]
[Remark ""]

1.d4 Nf6 2.c4 g6 3.Nc3 d5 4.Nf3 Bg7 5.Bf4 O-O 6.Rc1 dxc4 7.e4
Bg4 8.Bxc4 Nh5 9.Be3 Bxf3 10.gxf3 e5 11.dxe5 Bxe5 12.Qxd8 Rxd8
13.O-O Nd7 14.Ne2 Bxb2 15.Rb1 Ne5 16.Rxb2 Nxc4 17.Rxb7 Nxe3 18.fxe3
Rd2 19.Nc3 c6 20.Rc7 Rd3 21.Rxc6 Rxe3 22.Nd5 Ra3 23.Rf2 Re8 24.Nf6+
Nxf6 25.Rxf6 Re5 26.Rc6 Kg7 27.Rc7 Rea5 28.Kg2 Rxa2 29.Rxa2 Rxa2+
30.Kg3 a5 31.Ra7 a4 32.e5 Kf8 33.e6 fxe6 34.Rxh7 a3 35.Ra7 Ra1
36.Kg2 Ke8 37.Ra6 Ke7 38.h4 Kd7 39.Kh2 Ke7 40.Kg2 Kd7 41.Kh2
Kc7 42.Rxe6 Kb7 43.Re4 1/2-1/2

[Event "Moscow Open 2009 A"]
[Site ""]
[Date "2009.01.31"]
[Round "1.6"]
[White "Guseinov, Gadir"]
[Black "Chuprov, Dmitry"]
[Result "1/2-1/2"]
[WhiteElo "2661"]
[BlackElo "2571"]
[Annotator ""]
[Source ""]
[Remark ""]

1.e4 e5 2.Nf3 Nc6 3.Bb5 Nf6 4.O-O Nxe4 5.d4 Nd6 6.dxe5 Nxb5 7.a4
Nbd4 8.Nxd4 Nxd4 9.Qxd4 d5 10.Qd3 c6 11.Nc3 Qd7 12.Ne2 Qf5 13.Qc3
a5 14.Ng3 Qg6 15.f4 Bf5 16.Qf3 h5 17.Qf2 h4 18.Nxf5 Qxf5 19.Be3
Be7 20.Bc5 Bxc5 21.Qxc5 h3 22.g3 Qe4 23.Qf2 O-O-O 24.Rfe1 Qf5
25.b4 axb4 26.Rab1 d4 27.Rxb4 Rd7 28.a5 Rhd8 29.Reb1 Qe4 30.a6
b5 31.c4 d3 32.Qd2 Qd4+ 33.Kf1 Qe4 34.Kg1 Qd4+ 35.Kf1 Qe4 36.Kg1 1/2-1/2

[Event "Moscow Open 2009 A"]
[Site ""]
[Date "2009.01.31"]
[Round "1.9"]
[White "Zhang, Zhong"]
[Black "Deviatkin, Andrei"]
[Result "1/2-1/2"]
[WhiteElo "2656"]
[BlackElo "2566"]
[Annotator ""]
[Source ""]
[Remark ""]

1.d4 d5 2.c4 c6 3.Nc3 Nf6 4.e3 g6 5.Nf3 Bg7 6.Bd3 O-O 7.O-O Bg4
8.h3 Bxf3 9.Qxf3 e6 10.Rd1 Nbd7 11.b3 Re8 12.Bb2 Qe7 13.Qe2 Rac8
14.Rac1 Bf8 15.a3 Red8 16.Qf3 Bg7 17.Bf1 Re8 18.Rc2 Bh6 19.b4
Nb6 20.c5 Nbd7 21.b5 e5 22.bxc6 bxc6 23.Ba6 Rb8 24.Na2 Bg7 25.Nb4 1/2-1/2

[Event "Moscow Open 2009 A"]
[Site ""]
[Date "2009.01.31"]
[Round "1.10"]
[White "Zubarev, Alexander"]
[Black "Grachev, Boris"]
[Result "0-1"]
[WhiteElo "2566"]
[BlackElo "2655"]
[Annotator ""]
[Source ""]
[Remark ""]

1.c4 e6 2.d4 d5 3.Nf3 c6 4.e3 Nf6 5.Nbd2 c5 6.b3 cxd4 7.exd4
b6 8.Bb2 Be7 9.Bd3 Bb7 10.O-O Nc6 11.Qe2 Nb4 12.Bb1 O-O 13.a3
Nc6 14.Bd3 Re8 15.Qe3 Bf8 16.Rac1 g6 17.Ne5 dxc4 18.bxc4 Nxe5
19.Qxe5 Bg7 20.Rfd1 Ne4 21.Nxe4 Bxe5 22.dxe5 Bxe4 23.Bxe4 Qc7
24.Bxa8 Rxa8 25.Rd6 Rc8 26.Bd4 Qb7 27.h4 Qe4 28.g3 h6 29.c5 bxc5
30.Rxc5 Rb8 31.Rc1 a5 32.Ba7 Rb1 33.Rxb1 Qxb1+ 34.Kh2 g5 35.hxg5
hxg5 36.Be3 Qb2 37.Rd4 Qxa3 38.Bxg5 Qf3 39.Rd8+ Kh7 40.Bf6 Qxf2+
41.Kh3 Qf1+ 42.Kg4 Qe2+ 43.Kh4 Kg6 44.Kh3 Kf5 45.Ra8 Qf3 0-1

[Event "Moscow Open 2009 A"]
[Site ""]
[Date "2009.01.31"]
[Round "1.17"]
[White "Kobalia, Mikhail"]
[Black "Yudin, Sergei"]
[Result "1/2-1/2"]
[WhiteElo "2634"]
[BlackElo "2562"]
[Annotator ""]
[Source ""]
[Remark ""]

1.e4 d6 2.d4 Nf6 3.Nc3 e5 4.Nge2 Be7 5.h3 h5 6.Bg5 c6 7.f4 Nbd7
8.Qd3 b5 9.a3 Bb7 10.Qf3 a5 11.dxe5 dxe5 12.Ng3 g6 13.Bd3 h4
14.Nge2 Nh5 15.Bxe7 Qxe7 16.f5 g5 17.Nd1 Nf4 18.Ne3 Nf6 19.Ng4
O-O-O 20.Nxf6 Qxf6 21.O-O-O Qe7 22.Qf2 f6 23.Rd2 Nxe2+ 24.Qxe2
Qc5 25.Rhd1 Rd6 26.Bc4 1/2-1/2

[Event "Moscow Open 2009 A"]
[Site ""]
[Date "2009.01.31"]
[Round "1.19"]
[White "Kazhgaleyev, Murtas"]
[Black "Zherebukh, Yaroslav"]
[Result "1/2-1/2"]
[WhiteElo "2630"]
[BlackElo "2558"]
[Annotator ""]
[Source ""]
[Remark ""]

1.d4 d5 2.c4 c6 3.Nc3 Nf6 4.e3 g6 5.Nf3 Bg7 6.Be2 O-O 7.O-O a6
8.Bd2 dxc4 9.Bxc4 Bg4 10.Be2 Nbd7 11.e4 c5 12.d5 Bxf3 13.Bxf3
Ne8 14.g3 b5 15.Bg2 Nd6 16.f4 b4 17.Na4 Bd4+ 18.Kh1 Nb6 19.Nxb6
Qxb6 20.Rb1 a5 21.e5 Nc4 22.Bc1 Qb5 23.Re1 Nb6 24.f5 Rad8 25.Bh6
Nxd5 26.Bxf8 Kxf8 27.Qf3 Kg7 28.Rbd1 Qc4 29.e6 f6 30.Qg4 Qxa2
31.fxg6 h6 32.Rd2 Rd6 33.h4 a4 34.Qe2 Nc7 35.Qf3 Nd5 36.Qe2 Nc7 1/2-1/2

[Event "Moscow Open 2009 A"]
[Site ""]
[Date "2009.01.31"]
[Round "1.21"]
[White "Belov, Vladimir"]
[Black "Ponkratov, Pavel"]
[Result "1/2-1/2"]
[WhiteElo "2627"]
[BlackElo "2557"]
[Annotator ""]
[Source ""]
[Remark ""]

1.e4 d6 2.d4 Nf6 3.Nc3 e5 4.dxe5 dxe5 5.Qxd8+ Kxd8 6.Bg5 Nbd7
7.Nf3 Bb4 8.O-O-O Bxc3 9.bxc3 Ke7 10.Nh4 g6 11.f3 h6 12.Be3 Ne8
13.g4 Nd6 14.g5 hxg5 15.Bxg5+ Ke8 16.Ng2 f6 17.Bh4 Kf7 18.Bf2
Nb6 19.Ne3 Be6 20.c4 Ndxc4 21.Nxc4 Nxc4 22.Bxc4 Bxc4 23.Rd7+
Ke6 24.Rxc7 Rhc8 25.Rxb7 Rab8 26.Rxb8 Rxb8 27.Kd2 Rd8+ 28.Ke3
f5 29.exf5+ gxf5 30.f4 Rd4 1/2-1/2

[Event "Moscow Open 2009 A"]
[Site ""]
[Date "2009.01.31"]
[Round "1.22"]
[White "Yakovich, Yuri"]
[Black "Volkov, Sergey"]
[Result "1/2-1/2"]
[WhiteElo "2556"]
[BlackElo "2627"]
[Annotator ""]
[Source ""]
[Remark ""]

1.c4 e5 2.Nc3 Bb4 3.Qc2 Nf6 4.a3 Bxc3 5.Qxc3 Qe7 6.b4 d5 7.cxd5
Nxd5 8.Qc2 O-O 9.e3 Nd7 10.Bb2 c5 11.b5 N7b6 12.Nf3 f6 13.Bd3
g6 14.Rc1 Rd8 15.O-O Be6 16.Be2 Rac8 17.d3 Qe8 18.Ba1 Bd7 19.Qb3
Bxb5 20.e4 c4 21.dxc4 Ba4 22.Qb2 Nf4 23.c5 Nxe2+ 24.Qxe2 Bb5
25.Qa2+ Qf7 26.Qxf7+ Kxf7 27.cxb6 Bxf1 28.Rxf1 axb6 29.Bb2 Rc2
30.Bc1 Ra2 31.g4 Rd3 32.Kg2 g5 33.Bxg5 Rdxa3 34.Bc1 Rc3 35.g5
Ke6 36.Be3 1/2-1/2

[Event "Moscow Open 2009 A"]
[Site ""]
[Date "2009.01.31"]
[Round "1.23"]
[White "Kuzubov, Yuriy"]
[Black "Chernyshov, Konstantin"]
[Result "1/2-1/2"]
[WhiteElo "2626"]
[BlackElo "2544"]
[Annotator ""]
[Source ""]
[Remark ""]

1.Nf3 c5 2.e4 d6 3.Bb5+ Bd7 4.Bxd7+ Qxd7 5.O-O Nc6 6.c3 Nf6 7.Re1
e6 8.d4 cxd4 9.cxd4 d5 10.e5 Ne4 11.Nbd2 Nxd2 12.Bxd2 Be7 13.Re3
O-O 14.Rd3 Rfc8 15.Ng5 Bxg5 16.Bxg5 Ne7 17.Bxe7 Qxe7 18.Rc1 Qb4
19.Rd2 h6 20.h3 b5 21.Rcc2 Qa5 22.b3 b4 23.Rxc8+ Rxc8 24.Rc2
Rc3 25.Kf1 Qc7 26.Rxc3 Qxc3 27.Ke2 a5 28.Qd2 Qa1 29.Kf3 Qb1 30.Kg3
Kh7 31.Kf3 Kg6 32.Kg3 Qf5 33.Qd1 Kh7 34.Qd2 Kg8 35.Qd1 Qg5+ 36.Kh2
Qf4+ 37.Kg1 g6 38.g3 Qe4 39.h4 Kg7 40.Kh2 Kf8 41.Kg1 Ke8 42.Kh2
g5 43.hxg5 hxg5 44.Kg1 Kd8 45.Kh2 g4 46.Qd2 Ke8 47.Qd1 Qf5 48.Kg2
Kf8 49.Kg1 Kg7 50.Qc1 Kg6 51.Qc8 Qb1+ 52.Kh2 Kg7 53.Qd8 Qh7+
54.Kg1 Qf5 55.Kg2 1/2-1/2

[Event "Moscow Open 2009 A"]
[Site ""]
[Date "2009.01.31"]
[Round "1.26"]
[White "Tseshkovsky, Vitaly"]
[Black "Lysyj, Igor"]
[Result "1/2-1/2"]
[WhiteElo "2542"]
[BlackElo "2620"]
[Annotator ""]
[Source ""]
[Remark ""]

1.e4 e6 2.d4 d5 3.Nc3 Nf6 4.Bg5 dxe4 5.Nxe4 Be7 6.Bxf6 Bxf6 7.Nf3
O-O 8.Qd3 Nd7 9.O-O-O b6 10.h4 Bb7 11.Nfg5 Bxg5+ 12.hxg5 Bxe4
13.Qxe4 Qxg5+ 14.f4 Nf6 15.Qf3 Qd5 16.Qh3 Qxa2 17.Bd3 h6 18.g4
Qa1+ 19.Kd2 Qxb2 20.g5 Nd5 21.Qh5 Qc3+ 22.Kc1 Qa1+ 1/2-1/2

[Event "Moscow Open 2009 A"]
[Site ""]
[Date "2009.01.31"]
[Round "1.27"]
[White "Fedorov, Alexei"]
[Black "Maslak, Konstantin"]
[Result "1-0"]
[WhiteElo "2619"]
[BlackElo "2541"]
[Annotator ""]
[Source ""]
[Remark ""]

1.e4 c6 2.d4 d5 3.e5 c5 4.dxc5 Nc6 5.Nf3 Bg4 6.Bb5 Qa5+ 7.Nc3
e6 8.Be3 Nge7 9.a3 Bxf3 10.Qxf3 O-O-O 11.O-O Nxe5 12.Qe2 a6 13.Bf4
N5g6 14.Bd6 axb5 15.b4 Qa6 16.a4 Rxd6 17.axb5 Qxa1 18.Rxa1 Rd8
19.c6 Kc7 20.Ra7 Rb8 21.b6+ Kc8 22.c7 Nc6 23.Qb5 Bxb4 24.cxb8Q+
Kxb8 25.Qa4 Kc8 26.Ra8+ Kd7 27.Rxh8 Nxh8 28.Nb5 Ng6 29.c3 Bxc3
30.Nxc3 1-0

[Event "Moscow Open 2009 A"]
[Site ""]
[Date "2009.01.31"]
[Round "1.28"]
[White "Popov, Ivan"]
[Black "Sakaev, Konstantin"]
[Result "1-0"]
[WhiteElo "2541"]
[BlackElo "2619"]
[Annotator ""]
[Source ""]
[Remark ""]

1.e4 e5 2.Nc3 Nc6 3.Bc4 Nf6 4.d3 Na5 5.a3 Nxc4 6.dxc4 d6 7.Qd3
g6 8.Bg5 h6 9.Be3 Be6 10.f3 c6 11.Nge2 Nd7 12.b3 f5 13.f4 Qh4+
14.g3 Qf6 15.O-O-O Be7 16.Rhf1 O-O 17.Qd2 h5 18.Kb1 Rad8 19.h4
Nc5 20.Qc1 Qh8 21.fxe5 dxe5 22.Rxd8 Rxd8 23.exf5 gxf5 24.Bg5
Bf6 25.Qe3 b6 26.b4 Nd7 27.Rd1 Kf7 28.Rd6 Bxc4 29.Rxc6 Be6 30.Nd4
Re8 31.Ndb5 Re7 32.Nd6+ Kg6 33.Rc8 Nf8 34.Ra8 Rd7 35.Ne8 Bg7
36.Nb5 Bf7 37.Ned6 Bd5 38.Re8 Qg8 39.Be7 Ba2+ 40.Kc1 Bh6 41.Bg5
Bg7 42.g4 hxg4 43.h5+ Kxh5 44.Nxf5 Qd5 45.Nc3 Qf3 46.Nxg7+ Rxg7
47.Rxe5 Nd7 48.Bf6+ Nxe5 49.Qxe5+ 1-0

[Event "Moscow Open 2009 A"]
[Site ""]
[Date "2009.01.31"]
[Round "1.29"]
[White "Andreikin, Dmitry"]
[Black "Rakhmanov, Aleksandr"]
[Result "1-0"]
[WhiteElo "2614"]
[BlackElo "2541"]
[Annotator ""]
[Source ""]
[Remark ""]

1.c4 e6 2.g3 Nf6 3.Bg2 d5 4.Nf3 c5 5.cxd5 Nxd5 6.O-O Be7 7.Nc3
O-O 8.Nxd5 Qxd5 9.d4 cxd4 10.Nxd4 Qh5 11.Qb3 Nd7 12.Bxb7 Rb8
13.Bf3 Qc5 14.Qc3 Ne5 15.Bg2 Rb4 16.Qxc5 Bxc5 17.Nb3 Bb6 18.Bd2
Ra4 19.Bc3 f6 20.Rfd1 Ba6 21.Nd4 Bxd4 22.Rxd4 Rxd4 23.Bxd4 Bxe2
24.Bxa7 Nf3+ 25.Kh1 e5 26.a4 e4 27.b4 Ra8 28.Be3 Kf7 29.a5 Ke6
30.Bf1 Bxf1 31.Rxf1 Ne5 32.Rc1 Nd3 33.Rc6+ Kf5 34.Rc4 h5 35.Bb6
h4 36.gxh4 Kf4 37.Kg2 f5 38.Bc7+ Kg4 39.f3+ Kxh4 40.fxe4 f4 41.Rd4
Ne1+ 42.Kf2 Nc2 43.Rd8 1-0

[Event "Moscow Open 2009 A"]
[Site ""]
[Date "2009.01.31"]
[Round "1.31"]
[White "Kurnosov, Igor"]
[Black "Kharitonov, Alexandr"]
[Result "1-0"]
[WhiteElo "2602"]
[BlackElo "2537"]
[Annotator ""]
[Source ""]
[Remark ""]

1.e4 c6 2.d4 d5 3.e5 Bf5 4.Nd2 e6 5.Nb3 c5 6.Nxc5 Bxc5 7.dxc5
Qa5+ 8.c3 Qxc5 9.Be3 Qc7 10.f4 Nc6 11.Nf3 Nge7 12.Be2 O-O 13.O-O
a6 14.Qd2 Rac8 15.Rfc1 Rfd8 16.Bf1 Nb8 17.b3 Nd7 18.c4 dxc4 19.Rxc4
Qb8 20.Rxc8 Qxc8 21.Rc1 Qb8 22.Qf2 Nd5 23.Nd4 Nxe3 24.Qxe3 Bg6
25.Bxa6 Qa7 26.Bb5 Nf8 27.Nf5 Qxa2 28.Nd6 b6 29.h3 h5 30.Bc6
Rb8 31.Qc3 Qa7 32.b4 Qe7 33.Bf3 Qh4 34.Qc7 Qxf4 35.Rd1 Nd7 36.Qxd7
Qxb4 37.Qc7 Rf8 38.Nc8 Be4 39.Qe7 Qa4 40.Qxf8+ 1-0

[Event "Moscow Open 2009 A"]
[Site ""]
[Date "2009.01.31"]
[Round "1.34"]
[White "Zinchenko, Yaroslav"]
[Black "Vorobiov, Evgeny E"]
[Result "1/2-1/2"]
[WhiteElo "2527"]
[BlackElo "2591"]
[Annotator ""]
[Source ""]
[Remark ""]

1.e4 c5 2.Nf3 d6 3.d4 cxd4 4.Nxd4 Nf6 5.Nc3 Nc6 6.Bg5 e6 7.Qd2
a6 8.O-O-O Be7 9.f3 Nxd4 10.Qxd4 b5 11.h4 Bb7 12.Qd2 Rc8 13.Bd3
Qc7 14.Kb1 h6 15.Be3 b4 16.Ne2 d5 17.e5 Ne4 18.Qe1 Nc5 1/2-1/2

[Event "Moscow Open 2009 A"]
[Site ""]
[Date "2009.01.31"]
[Round "1.35"]
[White "Korotylev, Alexey"]
[Black "Novikov, Stanislav"]
[Result "1-0"]
[WhiteElo "2587"]
[BlackElo "2523"]
[Annotator ""]
[Source ""]
[Remark ""]

1.d4 d6 2.e4 g6 3.Nc3 Bg7 4.Nf3 c6 5.Be3 Nf6 6.Qd2 O-O 7.Bh6
Bg4 8.Bxg7 Kxg7 9.Ng5 h6 10.h3 Bh5 11.Nxf7 Rxf7 12.g4 Qa5 13.Be2
Nbd7 14.f4 e5 15.gxh5 exf4 16.hxg6 Re7 17.Bf3 b5 18.Qxf4 b4 19.Ne2
b3+ 20.c3 Qg5 21.Qxg5 hxg5 22.Ng3 Kxg6 23.axb3 Rb8 24.b4 c5 25.bxc5
dxc5 26.O-O cxd4 27.cxd4 Rh7 28.Bg2 Rxb2 29.Rxa7 g4 30.h4 Nh5
31.Nf5 Rf7 32.Ra6+ Nb6 33.Rc1 Nf4 34.Bf1 Rxf5 35.exf5+ Kxf5 36.Ra5+
Ke4 37.Re1+ Kxd4 38.Rg5 Nh3+ 39.Bxh3 gxh3 40.Rg4+ Kd5 41.h5 Nc4
42.h6 Nd2 43.Rg3 Ne4 44.Rd3+ 1-0

[Event "Moscow Open 2009 A"]
[Site ""]
[Date "2009.01.31"]
[Round "1.36"]
[White "Geller, Jakov"]
[Black "Iordachescu, Viorel"]
[Result "1-0"]
[WhiteElo "2523"]
[BlackElo "2584"]
[Annotator ""]
[Source ""]
[Remark ""]

1.e4 c5 2.Nf3 e6 3.d4 cxd4 4.Nxd4 a6 5.Bd3 Ne7 6.O-O Nbc6 7.Nb3
g6 8.c4 Bg7 9.Nc3 O-O 10.Bf4 d5 11.cxd5 exd5 12.Rc1 d4 13.Ne2
a5 14.a4 b6 15.Bb5 Bb7 16.Qd2 Rc8 17.Rfd1 Na7 18.Rxc8 Nexc8 19.f3
Nxb5 20.axb5 f5 21.Nexd4 fxe4 22.Ne6 Qxd2 23.Rxd2 Re8 24.Nxg7
Kxg7 25.Bg5 Kg8 26.Rd7 Ba8 27.Nd4 exf3 28.gxf3 Re5 29.Bf6 1-0

[Event "Moscow Open 2009 A"]
[Site ""]
[Date "2009.01.31"]
[Round "1.37"]
[White "Smirnov, Pavel"]
[Black "Zhumabayev, Rinat"]
[Result "1-0"]
[WhiteElo "2579"]
[BlackElo "2522"]
[Annotator ""]
[Source ""]
[Remark ""]

1.d4 Nf6 2.c4 e6 3.Nf3 b6 4.g3 Ba6 5.Qc2 Bb4+ 6.Bd2 Be7 7.Bg2
O-O 8.Bf4 c5 9.Nc3 Bxc4 10.dxc5 bxc5 11.O-O-O Nc6 12.Qa4 Nb4
13.Ne5 Bd5 14.e4 Bb7 15.Nxd7 Qc8 16.Nxf8 Qxf8 17.Qa5 Ng4 18.a3
Nxf2 19.axb4 cxb4 20.Nb5 Rc8+ 21.Kb1 Nxd1 22.Rxd1 Rc5 23.Be3
Re5 24.Rd7 Bc6 25.Qxa7 Bxd7 26.Qxd7 h6 27.h4 Bf6 28.Nd6 b3 29.Ne8
Qb4 30.Nxf6+ gxf6 31.Qd2 Qa4 32.Qd4 Qc6 33.Qc3 Qa4 34.Kc1 Qa6
35.Kd2 Ra5 36.Qxf6 Qd6+ 37.Bd4 Kf8 38.Ke2 Ke8 39.e5 Qa6+ 40.Kf2
Qc4 41.Bb6 Qc2+ 42.Kg1 Ra1+ 43.Kh2 Rd1 44.Ba5 Qxb2 45.Bb4 Kd7
46.Qe7+ Kc8 47.Bd6 1-0

[Event "Moscow Open 2009 A"]
[Site ""]
[Date "2009.01.31"]
[Round "1.38"]
[White "Vasiukov, Evgeni"]
[Black "Guseinov, Elmir"]
[Result "1/2-1/2"]
[WhiteElo "2515"]
[BlackElo "2439"]
[Annotator ""]
[Source ""]
[Remark ""]

1.e4 c5 2.Nf3 e6 3.c4 Nc6 4.Nc3 Qb6 5.b3 d6 6.Bb2 Nf6 7.g3 Be7
8.Bg2 O-O 9.O-O Bd7 10.d3 Rfd8 11.Ng5 Nd4 12.f4 Qc7 13.g4 Bc6
14.f5 exf5 15.gxf5 Nd7 16.Qh5 Bxg5 17.Qxg5 f6 18.Qg3 Ne5 19.Rf2
Rab8 20.Re1 b5 21.cxb5 Bxb5 22.Nd5 Qf7 23.Nf4 Rdc8 24.h3 a5 25.Bc3
Ndc6 26.Bf1 Kh8 27.Be2 Qa7 28.Kh2 Rb7 29.Rg1 Nd4 30.Rfg2 a4 31.Bxd4
cxd4 32.Qh4 axb3 33.axb3 Rf7 34.Kh1 Rc2 35.Ng6+ Kg8 36.Nxe5 dxe5
37.Bh5 Rxg2 38.Bxf7+ Qxf7 39.Rxg2 Bxd3 40.Kh2 Kh8 41.Ra2 h6 42.Ra8+
Kh7 43.Qg4 Bb5 44.Rd8 Bc6 45.Qg2 Be8 46.Qc2 Qe7 47.Qc8 Qb4 48.Rxe8
Qd2+ 1/2-1/2

[Event "Moscow Open 2009 A"]
[Site ""]
[Date "2009.01.31"]
[Round "1.39"]
[White "Krivoborodov, Egor"]
[Black "Pridorozhni, Aleksei"]
[Result "1/2-1/2"]
[WhiteElo "2436"]
[BlackElo "2515"]
[Annotator ""]
[Source ""]
[Remark ""]

1.e4 e5 2.Nf3 Nc6 3.Bb5 a6 4.Ba4 Nf6 5.O-O Be7 6.Re1 b5 7.Bb3
O-O 8.Nc3 d6 9.Nd5 Na5 10.d4 Nxb3 11.axb3 Nxd5 12.exd5 f6 13.c4
Bb7 14.Qe2 Qd7 15.Bd2 Rfe8 16.Bb4 c6 17.dxc6 Bxc6 18.d5 Bb7 19.Qe3
Rab8 20.Qa7 f5 21.Red1 g5 22.c5 dxc5 23.Bxc5 Bf6 24.Rxa6 Ra8
25.Rd6 Qxd6 26.Qxa8 Rxa8 27.Bxd6 Bxd5 28.Nxe5 Bxb3 29.Re1 Ra2
30.Rc1 Be6 31.Nd3 Bc4 32.Be5 Kf7 33.Nb4 Ra4 34.Nc6 Ra6 35.Nb4
Re6 36.Bxf6 Kxf6 37.f3 f4 38.Nc2 Re2 39.b3 Bxb3 40.Nd4 Rb2 41.Nxb5
g4 42.Rc6+ Kf7 43.Nd4 Bd5 44.Rc2 Rb4 45.Nc6 Bxc6 46.Rxc6 g3 47.Rc1
Kf6 48.Re1 Kf5 49.Ra1 Ke5 50.Re1+ Kd5 51.Rd1+ Ke5 1/2-1/2

[Event "Moscow Open 2009 A"]
[Site ""]
[Date "2009.01.31"]
[Round "1.40"]
[White "Rychagov, Andrey"]
[Black "Slugin, Sergey"]
[Result "1/2-1/2"]
[WhiteElo "2514"]
[BlackElo "2436"]
[Annotator ""]
[Source ""]
[Remark ""]

1.d4 d5 2.c4 c6 3.Nf3 Nf6 4.Nc3 e6 5.Bg5 dxc4 6.e4 b5 7.e5 h6
8.Bh4 g5 9.exf6 gxh4 10.Ne5 Qxf6 11.g3 Nd7 12.Qe2 Nxe5 13.dxe5
Qe7 14.Bg2 Bb7 15.O-O-O Bg7 16.f4 O-O 17.Rd6 Rad8 18.Rhd1 Rxd6
19.exd6 Qd8 20.Ne4 Qa5 21.Kb1 Qb6 22.d7 Rd8 23.Qg4 Kf8 24.f5
c5 25.Rf1 Bxe4+ 26.Bxe4 e5 27.Qxh4 Qf6 28.Qxf6 Bxf6 29.Bc6 b4
30.Rc1 e4 31.Re1 Ke7 32.Rxe4+ Kd6 33.Bb5 c3 34.bxc3 bxc3 35.Re8
Kc7 36.Kc2 Kb6 37.Ba4 c4 38.Rxd8 Bxd8 39.Kxc3 Kc5 40.Bd1 Ba5+
41.Kc2 f6 42.Bh5 Kd6 43.Be8 Ke7 44.g4 Bc7 45.Kc3 Bxh2 46.Kxc4
Bf4 47.a4 Kd8 48.Kd5 Bg5 49.Ke6 Bh4 50.Bf7 1/2-1/2

[Event "Moscow Open 2009 A"]
[Site ""]
[Date "2009.01.31"]
[Round "1.41"]
[White "Sergienko, Sergey"]
[Black "Kharlov, Andrei"]
[Result "0-1"]
[WhiteElo "2434"]
[BlackElo "2511"]
[Annotator ""]
[Source ""]
[Remark ""]

1.e4 e5 2.Nf3 Nc6 3.Bc4 Bc5 4.c3 Nf6 5.d3 d6 6.Bb3 h6 7.Nbd2
O-O 8.O-O Be6 9.Re1 Re8 10.Nc4 b5 11.Ne3 Bxb3 12.Qxb3 Rb8 13.Nf5
Ne7 14.N3h4 b4 15.Qc4 bxc3 16.bxc3 Nxf5 17.Nxf5 Qd7 18.Be3 Qb5
19.Qxb5 Rxb5 20.Reb1 Reb8 21.Rxb5 Rxb5 22.a4 Rb3 23.Bxc5 dxc5
24.Ne7+ Kf8 25.Nc6 a6 26.Nxe5 Rxc3 27.Kf1 c4 28.f3 cxd3 29.Rd1
Ke7 30.Nxd3 a5 31.Ke2 Nd7 32.Kd2 Ra3 33.Rc1 Kd8 34.Nb2 Nb6 35.Rc2
Ra1 36.Nd3 Rxa4 37.h4 Nd7 38.Nf4 Ne5 39.Rc5 Ra2+ 40.Ke3 Nd7 41.Rc6
Nb6 42.g4 a4 43.Nd3 Ra3 44.Kd4 Nd7 45.f4 f6 46.Rc4 Ra1 47.e5
fxe5+ 48.fxe5 a3 49.Ra4 Rg1 50.Kc3 Rg3 51.Kc2 Ke7 52.Ra7 a2 53.Rxa2
Rg2+ 54.Kb3 Rxa2 55.Kxa2 Ke6 56.Kb3 Nxe5 57.Nf4+ Kf6 58.Nd5+
Ke6 59.Nf4+ Kf6 60.Nd5+ Kf7 61.Ne3 Nf3 62.h5 Ne5 63.Kb4 Kf6 64.Kc5
Nxg4 65.Nxg4+ Kg5 66.Ne5 Kxh5 67.Kd4 Kg5 68.Ke4 h5 69.Kf3 c5
70.Nc4 Kh4 71.Ne3 g5 72.Nf5+ Kh3 73.Ng3 g4+ 74.Kf4 h4 75.Ne4
g3 76.Ng5+ Kg2 77.Kg4 c4 78.Kxh4 c3 79.Ne6 c2 0-1

[Event "Moscow Open 2009 A"]
[Site ""]
[Date "2009.01.31"]
[Round "1.44"]
[White "Belous, Vladimir"]
[Black "Tunik, Gennady"]
[Result "1-0"]
[WhiteElo "2431"]
[BlackElo "2506"]
[Annotator ""]
[Source ""]
[Remark ""]

1.d4 Nf6 2.c4 e6 3.Nc3 Bb4 4.Qc2 O-O 5.e4 d5 6.e5 Ne4 7.a3 Bxc3+
8.bxc3 c5 9.Bd3 cxd4 10.cxd4 Nc6 11.Ne2 Qa5+ 12.Kf1 Nb4 13.axb4
Qxa1 14.f3 f5 15.cxd5 exd5 16.Qb1 Qxb1 17.Bxb1 a5 18.Ba2 Be6
19.b5 Rac8 20.fxe4 fxe4+ 21.Ke1 a4 22.Ba3 Rf7 23.Rf1 Rxf1+ 24.Kxf1
g5 25.Ke1 b6 26.Kd2 Kg7 27.Bb4 e3+ 28.Kd3 Bd7 29.Nc3 a3 30.Kxe3
Be6 31.Kd2 Ra8 32.Kc2 Ra7 33.Kb3 h5 34.Bxa3 h4 35.Bc1 Kh6 36.Kc2
Rd7 37.Be3 Kh5 38.Kd2 Rd8 39.Ne4 g4 40.Nf6+ Kg6 41.Bf2 h3 42.gxh3
gxh3 43.Ke3 Kf5 44.Bh4 Kg6 45.Kf4 Kf7 46.Bb3 Rh8 47.Be1 Rd8 48.Bb4
Rc8 49.Bd2 Rd8 50.Kg5 Kg7 51.Bf4 Kf7 52.Bg3 Kg7 53.Bd1 Ra8 54.Bf3
Ra3 55.Kf4 Ra4 56.Kg5 Rxd4 57.Bh5 Kf8 58.Ne8 Ke7 59.Ng7 Rb4 60.Nxe6
Kxe6 61.Bg4+ Ke7 62.Kf5 d4 63.Bh4+ Ke8 64.e6 Rxb5+ 65.Kf6 d3
66.Bg5 Rxg5 67.Kxg5 Ke7 68.Kf5 d2 69.Ke5 1-0

[Event "Moscow Open 2009 A"]
[Site ""]
[Date "2009.01.31"]
[Round "1.45"]
[White "Nyzhnyk, Illya"]
[Black "Konovalov, Nikolay"]
[Result "1/2-1/2"]
[WhiteElo "2503"]
[BlackElo "2430"]
[Annotator ""]
[Source ""]
[Remark ""]

1.e4 c5 2.Nf3 Nc6 3.d4 cxd4 4.Nxd4 Nf6 5.Nc3 d6 6.Bg5 e6 7.Qd2
Qb6 8.O-O-O Qxd4 9.Qxd4 Nxd4 10.Rxd4 a6 11.Be2 Bd7 12.Rhd1 Bc6
13.f3 Be7 14.a4 Rc8 15.Bh4 O-O 16.Kb1 Rfe8 17.Bg3 d5 18.exd5
Nxd5 19.Nxd5 Bxd5 20.Be5 f6 21.Bg3 Bc5 22.R4d2 Bb4 23.Rd4 Bc5
24.R4d2 Bb4 1/2-1/2

[Event "Moscow Open 2009 A"]
[Site ""]
[Date "2009.01.31"]
[Round "1.46"]
[White "Matsenko, Sergei"]
[Black "Kabanov, Nikolai"]
[Result "1/2-1/2"]
[WhiteElo "2429"]
[BlackElo "2502"]
[Annotator ""]
[Source ""]
[Remark ""]

1.e4 e5 2.Nf3 Nc6 3.Bb5 Bc5 4.O-O Nd4 5.Nxd4 Bxd4 6.c3 Bb6 7.d4
c6 8.Ba4 d6 9.Na3 Nf6 10.Bg5 h6 11.Bxf6 Qxf6 12.d5 Bd7 13.Nc4
Bc7 14.Qb3 Rb8 15.dxc6 bxc6 16.Qa3 O-O 17.Rad1 Rfd8 18.Rd3 d5
19.exd5 Bf5 20.d6 Bxd3 21.dxc7 Bxc4 22.Re1 Rbc8 23.cxd8Q+ Rxd8
24.Qc5 1/2-1/2

[Event "Moscow Open 2009 A"]
[Site ""]
[Date "2009.01.31"]
[Round "1.47"]
[White "Krapivin, Alexander"]
[Black "Appolonov, Sergey"]
[Result "1-0"]
[WhiteElo "2501"]
[BlackElo "2427"]
[Annotator ""]
[Source ""]
[Remark ""]

1.e4 e6 2.d4 d5 3.e5 c5 4.c3 Nc6 5.Nf3 Bd7 6.a3 Nge7 7.Bd3 cxd4
8.cxd4 Qb6 9.Bc2 Nf5 10.Bxf5 exf5 11.Nc3 Be6 12.O-O Rc8 13.b4
Nxd4 14.Nxd4 Rxc3 15.Be3 Qa6 16.b5 Qb6 17.Nxe6 Qxe6 18.Qd4 Rc4
19.Qxa7 f4 20.Rfc1 fxe3 21.Rxc4 dxc4 22.Qb8+ Ke7 23.Rd1 Qb6 24.fxe3
c3 25.Qc8 Qxb5 26.Rd6 1-0

[Event "Moscow Open 2009 A"]
[Site ""]
[Date "2009.01.31"]
[Round "1.48"]
[White "Grishchenko, Sergey"]
[Black "Naumkin, Igor"]
[Result "0-1"]
[WhiteElo "2423"]
[BlackElo "2501"]
[Annotator ""]
[Source ""]
[Remark ""]

1.d4 Nf6 2.c4 e6 3.Nf3 b6 4.a3 Bb7 5.Nc3 g6 6.Bf4 Bg7 7.Qd2 O-O
8.Bh6 Bxh6 9.Qxh6 Bxf3 10.gxf3 c5 11.O-O-O Nc6 12.dxc5 bxc5 13.h4
Nd4 14.e3 Nf5 15.Qg5 h6 16.Qf4 Nh5 17.Qh2 Rb8 18.Bd3 Qb6 19.Rd2
Ne7 20.Rg1 d6 21.f4 d5 22.f5 exf5 23.cxd5 c4 24.Bxc4 Rfc8 25.Ba2
Nxd5 26.Bxd5 Rxc3+ 27.Kb1 f4 28.exf4 Rd3 29.f5 Rxd5 30.Qxb8+
Qxb8 31.Rxd5 Nf6 32.Rd3 Qb5 33.Rd8+ Kg7 34.fxg6 Qf5+ 35.Ka1 Qxf2
36.Rc1 Kxg6 37.Rc7 Qb6 38.Rdc8 h5 0-1

[Event "Moscow Open 2009 A"]
[Site ""]
[Date "2009.01.31"]
[Round "1.49"]
[White "Ulko, Jaroslav"]
[Black "Gladyszev, Oleg"]
[Result "1/2-1/2"]
[WhiteElo "2501"]
[BlackElo "2422"]
[Annotator ""]
[Source ""]
[Remark ""]

1.d4 Nf6 2.c4 g6 3.Nc3 Bg7 4.e4 d6 5.Nf3 O-O 6.Be2 e5 7.O-O Nc6
8.d5 Ne7 9.b4 Nh5 10.Re1 a5 11.bxa5 Rxa5 12.a4 c5 13.Ra3 Ra6
14.Bd2 Nf6 15.Bf1 Ne8 16.Qb1 h6 17.Qc1 Kh7 18.g3 f5 19.exf5 Nxf5
20.Ne4 Nf6 21.Bd3 Nxe4 22.Bxe4 Bd7 23.Qc2 Qf6 24.Kh1 Qf7 25.Rea1
Rfa8 26.a5 b6 27.Qd3 bxa5 28.Rxa5 Rxa5 29.Rxa5 1/2-1/2

[Event "Moscow Open 2009 A"]
[Site ""]
[Date "2009.01.31"]
[Round "1.50"]
[White "Kuporosov, Viktor"]
[Black "Ivanov, Victor L"]
[Result "1-0"]
[WhiteElo "2422"]
[BlackElo "2499"]
[Annotator ""]
[Source ""]
[Remark ""]

1.Nf3 Nf6 2.g3 b5 3.Bg2 Bb7 4.d3 e6 5.e4 d6 6.O-O Nbd7 7.Re1
c5 8.b3 Be7 9.Bb2 O-O 10.Nbd2 Re8 11.c4 a6 12.Qc2 Qb6 13.h3 Rad8
14.Rac1 Bf8 15.d4 cxd4 16.Bxd4 Qc7 17.cxb5 Qxc2 18.Rxc2 axb5
19.Rc7 Ba8 20.Bf1 e5 21.Bb2 Rb8 22.b4 d5 23.a3 Bd6 24.Rcc1 Nxe4
25.Nxe4 dxe4 26.Rcd1 Rb6 27.Bxb5 Rxb5 28.Rxd6 exf3 29.Rxd7 e4
30.Bd4 Rd5 31.Rxd5 Bxd5 32.a4 Rc8 33.Bc5 f5 34.Rc1 Bb3 35.a5
Ra8 36.Be3 Be6 37.Rc6 Bd7 38.Rd6 Bb5 39.Rd5 Bd3 40.Rd6 Ra6 41.Rd7
Rc6 42.Bd4 Rc1+ 43.Kh2 Rc4 44.b5 Bf1 45.b6 1-0